Countries Alphabetically After All Their Neighbors - Statistics

General Stats
  • This quiz has been taken 4,905 times
    4,904 since last reset
  • The average score is 27 of 41
Answer Stats
Country % Correct
United States
93%
Zimbabwe
93%
United Kingdom
92%
Yemen
87%
Venezuela
83%
Vietnam
81%
Sweden
80%
Vatican City
80%
Spain
79%
Uruguay
79%
Uzbekistan
79%
Turkey
78%
South Korea
77%
Ukraine
77%
United Arab Emirates
75%
Switzerland
72%
Uganda
71%
Haiti
69%
Thailand
68%
Panama
67%
Peru
67%
Sudan
66%
San Marino
65%
Senegal
64%
Nicaragua
62%
Papua New Guinea
62%
Serbia
62%
Somalia
62%
Tunisia
61%
Togo
60%
Suriname
58%
Slovenia
57%
Pakistan
56%
Nepal
55%
Paraguay
55%
Netherlands
53%
Monaco
47%
Sierra Leone
47%
Nigeria
45%
Republic of the Congo
34%
Luxembourg
33%
No matching quizzes found
Score Distribution
Percent of People with Each Score
Percentile by Number Answered
Your Score History
You have not taken this quiz since the last reset